Vrtané piloty /

Hlavní autor: Masopust, Jan, 1946-
Jazyk: Čeština
Vydáno: [Praha] : Čeněk a Ježek, 1994
Vydání: 1. vyd.
Témata:
Fyzický popis: 263 s. : il. ; 21 cm
Knihy
Uloženo v:
LEADER 00894nam a2200277 a 4500
001 000471246
003 CZ BrMZK
005 20090803104906.0
007 ta
008 000115s1994 xr f cze d
015 |a cnb000363643 
035 |a (OCoLC)84950891 
040 |a BOA001  |b cze 
080 |a 624.154.5  |2 MRF 
100 1 |a Masopust, Jan,  |d 1946-  |7 jn20000710440  |4 aut 
245 1 0 |a Vrtané piloty /  |c Jan Masopust 
250 |a 1. vyd. 
260 |a [Praha] :  |b Čeněk a Ježek,  |c 1994 
300 |a 263 s. :  |b il. ;  |c 21 cm 
500 |a Bibliogr. 
653 0 |a vrtané piloty 
910 |a BOA001  |b 2-1070.715 
964 |a Piloty vrtané  |x návrhy  |x výpočty 
990 |a BK 
996 6 |b 2610111087  |c 2-1070.715  |l MZK  |r Sklad / do 1 hodiny  |n 0  |p kup  |w 000471246  |u 000010  |a 1  |e BOA001  |j MZK50  |s P 
996 7 |b 2610111088  |c 2-1070.715  |l MZK  |r Sklad / do 1 hodiny  |n 40  |p kup  |w 000471246  |u 000020  |a 1  |e BOA001  |j MZK50  |s A